000 00778nam a2200241 i 4500
001 32428
003 ES-MaACL
005 20250808073924.0
007 t|
008 030131s1935 fr ||||1| fre d
100 1 _aBenoist, Charles.
_927745
245 1 3 _aLa monarchie française /
_cCharles Benoist.
260 _aParis :
_bDunod,
_c1935 (
_eMesnil :
_fFirmin Didot et Cie)
300 _a593 p. ;
_c19 cm.
490 1 _aLes constructeurs
505 8 _aContiene: Livre I: L'oeuvre royale. - Livre II, Quelques rois
651 4 _aFrancia-
_xHistoria
_98679
651 7 _aFrancia-
_xReyes y soberanos
_2
_9137185
830 0 _aLes constructeurs
_9181439
852 _aES-MaACL
_jA-3890-91
_z.- 1 t. en 2 .
852 _aES-MaACL
_jA-3577
999 _c32428
_d32428